| 000 | 00456pab a2200169 454500 | ||
|---|---|---|---|
| 008 | 180718b2015 xxu||||| |||| 00| 0 eng d | ||
| 100 | _aGenieys, William | ||
| 245 | _aThe shaping of new state elites: healthcare policymaking in France since 1981 | ||
| 260 | _c2015 | ||
| 300 | _ap.280-295. | ||
| 362 | _aApr | ||
| 650 | _aElite | ||
| 650 | _aHealth services | ||
| 700 | _aHassenteufel, Patrick | ||
| 773 | _aComparative Politics | ||
| 909 | _a107839 | ||
| 999 |
_c107834 _d107834 |
||